00601nam a22002057a 450000500170000001000130001702000220003003500130005203700160006504000120008108200170009310000210011024500950013126000340022627000390026030000280029965000270032765000220035470000190037620170124110046.0 aA-953324 c00.00a8185361177 aA-953324 bCen Lib/Ret aDPLbEN a796.358bGOT aGothoskar, M. V. aThe burning finger :cby M.V. Gothoskar [and] A.G. Bhagwat ban indian umpire looks back / aBombay bMarine Sports c1992 a63A, gokhale roadbBombay e400028 a153p. ;c16cm(Hb)bill. aTest matches (Cricket) aCricketxUmpiring aBhagwat, A.G..